| 000 | 01613nam0a22003011 4500 | ||
|---|---|---|---|
| 001 | rc\556379 | ||
| 005 | 20250621131420.0 | ||
| 010 |
_a5-605-00156-6 _950000 |
||
| 035 | _a(NLR Aleph) 005791853 | ||
| 090 |
_a5205129 _c5205129 |
||
| 100 | _a20030616d1988 |||y0rusy50 ca | ||
| 101 | 0 | _arus | |
| 102 | _aRU | ||
| 105 | _aa ||||||||| | ||
| 200 | 1 |
_aГорная тропа _eПовести каз. писателей _e[Пер. с каз. _fХудож. Б. Аканаев] |
|
| 210 |
_aАлма-Ата _cЖазушы _d1988 |
||
| 215 |
_a398, [2] с. _cил. _d21 |
||
| 327 | 1 | _aСодерж.: Журавли-журавушки / Тарази А. Бухтарминские напевы / Искаков К. Сторож / Жумадилов К. Горная тропа / Жунусов С. Дом на окраине / Кекильбаев А. | |
| 464 | 0 |
_12001#$aЖуравли-журавушки _1700#1$aТарази$bА. _tЖуравли-журавушки _aТарази, А. |
|
| 464 | 0 |
_12001#$aБухтарминские напевы _1700#1$aИскаков$bК. _tБухтарминские напевы _aИскаков, К. |
|
| 464 | 0 |
_12001#$aСторож _1700#1$aЖумадилов$bК. _tСторож _aЖумадилов, К. |
|
| 464 | 0 |
_12001#$aГорная тропа _1700#1$aЖунусов$bС. _tГорная тропа _aЖунусов, С. |
|
| 464 | 0 |
_12001#$aДом на окраине _1700#1$aКекильбаев$bА. _tДом на окраине _aКекильбаев, А. |
|
| 801 | 0 |
_aRU _bNLR _gpsbo |
|
| 801 | 1 |
_aRU _bELAR _2rusmarc |
|
| 852 |
_aNLR _j88-3/6114 |
||
| 942 | _cBOOK | ||
| 980 | _aNB | ||